00430nam a2200157Ia 4500003000400000005001700004008004100021020001500062040002900077050002300106100001700129245005600146260002300202300002200225650002500247OSt20230804101234.0230104s9999||||xx |||||||||||||| ||und|| a9966228268 cChuka University Library aHF 5549b.S23 2010 aSababu, B.M. 0aHuman Resources Management and Industrial Relations aNairobibJKFc2010 a445pbIllustrated aIndustrial relations